<?xml version="1.0" encoding="UTF-8"?>
<record
    xmlns:xsi="http://www.w3.org/2001/XMLSchema-instance"
    xsi:schemaLocation="http://www.loc.gov/MARC21/slim http://www.loc.gov/standards/marcxml/schema/MARC21slim.xsd"
    xmlns="http://www.loc.gov/MARC21/slim">

  <leader>00683nam a2200169Ia 4500</leader>
  <controlfield tag="001">6566</controlfield>
  <controlfield tag="008">260622s9999    xx            000 0 und d</controlfield>
  <datafield tag="245" ind1=" " ind2="4">
    <subfield code="a">The Magic in Ancient Iraq in the light of Cuneiform sources/ </subfield>
    <subfield code="b">&#x627;&#x644;&#x633;&#x62D;&#x631; &#x641;&#x64A; &#x627;&#x644;&#x639;&#x631;&#x627;&#x642; &#x627;&#x644;&#x642;&#x62F;&#x64A;&#x645; &#x641;&#x64A; &#x636;&#x648;&#x621; &#x627;&#x644;&#x645;&#x635;&#x627;&#x62F;&#x631; &#x627;&#x644;&#x645;&#x633;&#x645;&#x627;&#x631;&#x64A;&#x629;/ &#x62A;&#x623;&#x644;&#x64A;&#x641;: &#x62F;. &#x631;&#x64A;&#x627;&#x636; &#x639;&#x628;&#x62F; &#x627;&#x644;&#x631;&#x62D;&#x645;&#x646; &#x623;&#x645;&#x64A;&#x646; &#x627;&#x644;&#x62F;&#x648;&#x631;&#x64A;</subfield>
  </datafield>
  <datafield tag="260" ind1=" " ind2=" ">
    <subfield code="b">&#x627;&#x644;&#x647;&#x64A;&#x626;&#x629; &#x627;&#x644;&#x639;&#x627;&#x645;&#x629; &#x644;&#x644;&#x622;&#x62B;&#x627;&#x631; &#x648; &#x627;&#x644;&#x62A;&#x631;&#x627;&#x62B;&#x60C; &#x648;&#x632;&#x627;&#x631;&#x629; &#x627;&#x644;&#x62B;&#x642;&#x627;&#x641;&#x629;&#x60C; &#x62C;&#x645;&#x647;&#x648;&#x631;&#x64A;&#x629; &#x627;&#x644;&#x639;&#x631;&#x627;&#x642;&#x61B; </subfield>
    <subfield code="c">2009</subfield>
  </datafield>
  <datafield tag="300" ind1=" " ind2=" ">
    <subfield code="a">431p; </subfield>
    <subfield code="c">24x17cm</subfield>
  </datafield>
  <datafield tag="546" ind1=" " ind2=" ">
    <subfield code="a">Arabic</subfield>
  </datafield>
  <datafield tag="648" ind1=" " ind2=" ">
    <subfield code="a">Ancient</subfield>
  </datafield>
  <datafield tag="650" ind1=" " ind2=" ">
    <subfield code="a">CC1-960 Archaeology</subfield>
  </datafield>
  <datafield tag="650" ind1=" " ind2=" ">
    <subfield code="a">Cuneiform</subfield>
    <subfield code="9">9413</subfield>
  </datafield>
  <datafield tag="651" ind1=" " ind2=" ">
    <subfield code="a">Iraq</subfield>
  </datafield>
  <datafield tag="942" ind1=" " ind2=" ">
    <subfield code="c">BK</subfield>
  </datafield>
  <datafield tag="999" ind1=" " ind2=" ">
    <subfield code="c">6566</subfield>
    <subfield code="d">6566</subfield>
  </datafield>
  <datafield tag="952" ind1=" " ind2=" ">
    <subfield code="0">0</subfield>
    <subfield code="1">0</subfield>
    <subfield code="4">0</subfield>
    <subfield code="7">0</subfield>
    <subfield code="8">C</subfield>
    <subfield code="a">SAFL</subfield>
    <subfield code="b">SAFL</subfield>
    <subfield code="d">2026-06-22</subfield>
    <subfield code="l">0</subfield>
    <subfield code="o">CC1-960 98.655</subfield>
    <subfield code="p">6566</subfield>
    <subfield code="r">2026-06-22</subfield>
    <subfield code="w">2026-06-22</subfield>
    <subfield code="y">BK</subfield>
  </datafield>
</record>
